| 000 | 00603nam a22001577a 4500 | ||
|---|---|---|---|
| 003 | OSt | ||
| 005 | 20160823092649.0 | ||
| 008 | 160822b xxu||||| |||| 00| 0 eng d | ||
| 040 | _cRUA | ||
| 082 | _aAGI SAN 2015 B512 Or.1 | ||
| 100 |
_99342 _aSANN BUNPHENG; សាន់ ប៊ុនផេង |
||
| 245 | _aEfficiency if chitosan on quality of jujube storage. ប្រសិទ្ធភាពនៃខៃតូសានលើគុណភាពផ្លែពុទ្រានិងការស្ដុកទុក | ||
| 260 |
_aRUA _bSAN _c2015 |
||
| 300 |
_aviii,31p. _bill. _c29cm. |
||
| 942 |
_2ddc _cAGI |
||
| 999 |
_c8995 _d8995 |
||